Maximes latines connues - Statistiques

Statistiques générales
  • Ce quiz a été pris 16 fois
  • Le résultat moyen est 5 sur 15
Statistiques - réponses
Citation Auteur % Correct
"Veni, vidi, vici" Jules César
100%
"Cogito, ergo sum" René Descartes
93%
"Amicus Plato, sed magis amica veritas" Aristote
40%
"Alter ego" Cicéron
40%
"Ama et fac quod vis" Saint d'Hippone
40%
"Amor fati" Friedrich Nietzsche
27%
"Carpe diem" Horace
27%
"Audentis Fortuna iuvat" Virgile
27%
"Eppur si muove!" Galilée
20%
"Quae Sunt Caesaris, Caesaris" Jésus-Christ
20%
"Mens sana in corpore sano" Juvénal
20%
"Ex nihilo nihil" Sénèque
20%
"Decade de sole mio" Diogène
13%
"Esse est percipi aut percipere" George Berkeley
13%
"Hypotheses non fingo" Isaac Newton
13%
Aucun quiz correspondant
Distribution des résultats
% des personnes avec chaque résultat
Percentile par nombre de réponses
Votre historique - résultats
Vous n’avez pas pris ce quiz